| 000 | 05102nam a22005057a 4500 | ||
|---|---|---|---|
| 005 | 20090513120356.0 | ||
| 008 | 090513t xxu||||| |||| 00| 0 hin d | ||
| 010 | _aHIN-86454 | ||
| 020 |
_a8171381707 _c400.00 |
||
| 035 | _aHN-58800 | ||
| 035 | _aB-352470-484 | ||
| 037 | _bDBAD / PUB | ||
| 037 | _bसामयिक प्रकाशन | ||
| 040 |
_adpl _bhn |
||
| 082 | _a303.482 | ||
| 100 | _aअमित कुमार सिंह | ||
| 245 |
_aभूमंडलीकरण और भारतः _bपरिदृश्य और विकल्प / _cअमित कुमार सिंह |
||
| 246 |
_aBhumandaliikarana aura Bhaarata : paridrishya aura vikalpa _bby Amit Kumar Singh |
||
| 260 |
_aनई दिल्ली _bसामयिक प्रकाशन _c2009 |
||
| 270 |
_a3320-21, जटवाड़ा, नेताजी सुभाष मार्ग दरियागंज, _bनई दिल्ली _e110002 _k011-23282733, 09868934715, 09811607086 _l23270715 _msamayikprakashan@rediffmail.com |
||
| 300 |
_a288 पृ. _c22सेमी (सजिल्द) |
||
| 650 | _aभूमंडलीकरण | ||
| 650 | _aGlobalization | ||
| 651 |
_aभारत _xअंतर्राष्ट्रीय संबंध |
||
| 651 |
_aIndia _xInternational relations |
||
| 700 | _aकुशवाहा, सुभाष चंद्र | ||
| 942 |
_2ddc _cHN _mअमित _h303.482 |
||
| 999 |
_c26301 _d26301 |
||